Traduction des Pokémon de la 3G [EN>FR] - Statistiques

Statistiques générales
  • Ce quiz a été pris 94 fois
  • Le résultat moyen est 16 sur 20
Statistiques - réponses
Nom anglais Nom français % Correct
Azurill Azurill
100%
Cacnea Cacnea
100%
Camerupt Camérupt
100%
Carvanha Carvanha
100%
Breloom Chapignon
100%
Deoxys Deoxys
100%
Gardevoir Gardevoir
100%
Groudon Groudon
100%
Jirachi Jirachi
100%
Kyogre Kyogre
100%
Latios Latios
100%
Flygon Libégon
100%
Ludicolo Ludicolo
100%
Makuhita Makuhita
100%
Rayquaza Rayquaza
100%
Regice Regice
100%
Regirock Regirock
100%
Registeel Registeel
100%
Roselia Rosélia
100%
Seviper Séviper
100%
Sharpedo Sharpedo
100%
Skitty Skitty
100%
Tropius Tropius
100%
Zigzagoon Zigzaton
100%
Absol Absol
94%
Luvdisc Lovdisc
92%
Poochyena Medhyèna
92%
Plusle Posipi
92%
Altaria Altaria
91%
Beautifly Charmillon
91%
Aron Galekid
91%
Kecleon Kecleon
91%
Spinda Spinda
91%
Silcoon Armulys
90%
Kirlia Kirlia
90%
Nuzleaf Pifeuil
89%
Torchic Poussifeu
89%
Ralts Tarsal
89%
Ninjask Ninjask
88%
Combusken Galifeu
87%
Numel Chamallot
86%
Castform Morphéo
86%
Relicanth Relicanth
86%
Spoink Spoink
86%
Vigoroth Vigoroth
86%
Delcatty Delcatty
85%
Meditite Méditikka
85%
Cascoon Blindalys
83%
Cacturne Cacturne
83%
Lileep Lilia
83%
Shedinja Munja
83%
Wailord Wailord
83%
Treecko Arcko
82%
Shroomish Balignon
82%
Hariyama Hariyama
82%
Latias Latias
82%
Whismur Chuchmur
81%
Blaziken Braségali
80%
Torkoal Chartor
80%
Manectric Élecsprint
80%
Marshtomp Flobio
80%
Aggron Galeking
80%
Mudkip Gobou
80%
Grumpig Groret
80%
Taillow Nirondelle
80%
Nosepass Tarinor
80%
Sableye Ténéfix
80%
Wailmer Wailmer
80%
Armaldo Armaldo
78%
Baltoy Balbuto
78%
Banette Branette
78%
Mightyena Grahyèna
78%
Lombre Lombre
78%
Slaking Monaflèmit
78%
Gorebyss Rosabyss
78%
Walrein Kaimorse
77%
Gulpin Gloupti
75%
Seedot Grainipiot
75%
Trapinch Kraknoix
75%
Linoone Linéon
75%
Metang Métang
75%
Milotic Milobellus
75%
Mawile Mysdibule
75%
Shuppet Polichombr
75%
Lunatone Séléroc
75%
Dusclops Téraclope
75%
Vibrava Vibraninf
75%
Anorith Anorith
73%
Exploud Brouhabam
73%
Metagross Métalosse
73%
Minun Négapi
73%
Medicham Charmina
71%
Illumise Lumivole
71%
Lotad Nénupiot
71%
Nincada Ningale
71%
Solrock Solaroc
71%
Pelipper Bekipan
70%
Clamperl Coquiperl
70%
Shelgon Drackhaus
70%
Corphish Écrapince
70%
Glalie Oniglali
70%
Sceptile Jungko
69%
Wingull Goélise
68%
Barboach Barloche
67%
Feebas Barpau
67%
Spheal Obalie
67%
Loudred Ramboum
67%
Snorunt Stalgamin
67%
Zangoose Mangriff
64%
Swablu Tylton
64%
Bagon Draby
63%
Whiscash Barbicha
60%
Swampert Laggron
60%
Grovyle Massko
60%
Huntail Serpang
60%
Shiftry Tengalice
60%
Crawdaunt Colhomard
58%
Wynaut Okéoké
58%
Lairon Galegon
57%
Masquerain Maskadra
57%
Slakoth Parécool
57%
Swalot Avaltout
55%
Salamence Drattak
55%
Electrike Dynavolt
50%
Swellow Hélédelle
50%
Dustox Papinox
50%
Duskull Skelénox
50%
Beldum Terhal
50%
Cradily Vacilys
50%
Surskit Arakdo
46%
Wurmple Chenipotte
44%
Claydol Kaorine
43%
Chimecho Éoko
42%
Volbeat Muciole
40%
Sealeo Phogleur
40%
Aucun quiz correspondant
Distribution des résultats
% des personnes avec chaque résultat
Percentile par nombre de réponses
Votre historique - résultats
Vous n’avez pas pris ce quiz